000 00607nam a2200253Ia 4500
008 160803s9999 xx 000 0 und d
020 _a0 439409047
100 _aWells, Rosemary
245 _aFelix feels better /
245 _cRosemary Wells.
260 _aNew York :
260 _bScholastic Inc.
260 _c2001
300 _a28 unnumbered page :
300 _bcolor illustrations ;
300 _c21 cm
650 _aGuinea pigs --
650 _aMedical care --
650 _aSick --
650 _xFiction.
650 _xFiction.
650 _xFiction.
700 _a350
999 _c299340
_d299340